Nomi dei calciatori - Quiz n°28 - Statistics

Statistiche generali
  • Questo quiz è stato fatto 74 volte
  • Il punteggio medio è 7 su 10
Statistiche sulle risposte
Hint Risposta % Corretto
Di Lorenzo Giovanni
94%
Acerbi Francesco
93%
Kolarov Aleksandar
88%
Verde Daniele
87%
Terry John
82%
Drągowski Bartłomiej
69%
Vargas Juan Manuel
64%
Aurier Serge
64%
Gourcouff Yoann
55%
Noppert Andries
42%
Nessun quiz corrispondente trovato
Distribuzione punteggi
Percentuale di utenti per punteggio
Percentile per numero di risposta
I tuoi punteggi nel tempo
Non hai fatto questo quiz